| 000 | 00471cam a22001337a 4500 | ||
|---|---|---|---|
| 008 | 180718b1992 xxu||||| |||| 00| 0 eng d | ||
| 082 | _aO97x67 M231 | ||
| 100 | _aMcNamara, Regina | ||
| 245 |
_aFamily planning programs in Sub-Saharan Africa: case studies from Ghana, Rwanda, and the Sudan _cby Regina McNamara, and others |
||
| 260 |
_aWashington, D.C. _bIBRD _c1992 |
||
| 300 | _a23p. | ||
| 440 | _aWorking papers WPS 1004 | ||
| 650 | _aBirth control - Africa, Sub-Saharan | ||
| 999 |
_c226472 _d226472 |
||